[Event "Deutsche Ländermeisterschaft 2021"]
[Site "Neumünster GER"]
[Date "2021.10.02"]
[Round "1"]
[White "Oellrich, Emma"]
[Black "Rössling, Laura Marie"]
[Result "1-0"]
[Termination "normal"]
[Board "3.8"]
[WhiteElo "1487"]
[BlackElo "986"]
[WhiteClock "01:42:48"]
[BlackClock "00:27:31"]
[WhiteTeam "Niedersachsen"]
[BlackTeam "Sachsen-Anhalt"]
[PlyCount "115"]
[WhiteFideId "16268806"]
[BlackFideId "16289471"]
[EventCountry "GER"]
[EventRounds "7"]
[EventType "team-swiss"]
[EventDate "2021.10.01"]

1. d4 {[%clk 1:30:57]} d5 {[%clk 1:30:37]} 2. c4 {[%clk 1:31:17]} dxc4 {[%clk
1:30:17]} 3. e3 {[%clk 1:31:39]} Nf6 {[%clk 1:25:37]} 4. Bxc4 {[%clk 1:31:58]}
e6 {[%clk 1:20:32]} 5. Nf3 {[%clk 1:32:20]} Bb4+ {[%clk 1:17:52]} 6. Bd2 {[%clk
1:31:03]} Bxd2+ {[%clk 1:17:29]} 7. Nbxd2 {[%clk 1:31:03]} O-O {[%clk 1:17:30]}
8. O-O {[%clk 1:29:50]} Nc6 {[%clk 1:16:04]} 9. Re1 {[%clk 1:27:49]} Re8 {[%clk
1:10:42]} 10. Bb5 {[%clk 1:25:16]} a6 {[%clk 1:10:14]} 11. Bxc6 {[%clk
1:25:25]} bxc6 {[%clk 1:10:10]} 12. Rc1 {[%clk 1:24:08]} Rb8 {[%clk 1:09:00]}
13. b3 {[%clk 1:22:10]} Bd7 {[%clk 1:06:05]} 14. Ne5 {[%clk 1:21:24]} Rb6
{[%clk 1:02:01]} 15. Ndc4 {[%clk 1:21:50]} Rb5 {[%clk 1:00:57]} 16. a4 {[%clk
1:22:09]} Rb4 {[%clk 0:58:06]} 17. Na5 {[%clk 1:22:18]} Qc8 {[%clk 0:52:23]}
18. Naxc6 {[%clk 1:21:44]} Bxc6 {[%clk 0:50:45]} 19. Nxc6 {[%clk 1:22:09]} Rb6
{[%clk 0:50:16]} 20. a5 {[%clk 1:20:01]} Rb5 {[%clk 0:48:54]} 21. Na7 {[%clk
1:20:05]} Qb7 {[%clk 0:48:08]} 22. Nxb5 {[%clk 1:20:28]} Qxb5 {[%clk 0:47:47]}
23. Rxc7 {[%clk 1:20:33]} Qxa5 {[%clk 0:47:40]} 24. Rc5 {[%clk 1:19:07]} Qb6
{[%clk 0:46:25]} 25. Qc2 {[%clk 1:19:05]} Qb4 {[%clk 0:39:19]} 26. Ra1 {[%clk
1:19:19]} Qb7 {[%clk 0:37:20]} 27. Rc6 {[%clk 1:19:12]} g6 {[%clk 0:33:45]} 28.
Raxa6 {[%clk 1:19:14]} Rb8 {[%clk 0:31:07]} 29. Ra3 {[%clk 1:18:13]} Nd5 {[%clk
0:29:09]} 30. Rc4 {[%clk 1:18:07]} Qe7 {[%clk 0:23:43]} 31. Ra1 {[%clk
1:16:51]} Qh4 {[%clk 0:21:32]} 32. e4 {[%clk 1:14:32]} Nf6 {[%clk 0:20:57]} 33.
d5 {[%clk 1:10:30]} e5 {[%clk 0:19:35]} 34. d6 {[%clk 1:10:11]} Ng4 {[%clk
0:19:21]} 35. h3 {[%clk 1:10:27]} Nf6 {[%clk 0:19:19]} 36. Rc8+ {[%clk
1:10:34]} Rxc8 {[%clk 0:18:21]} 37. Qxc8+ {[%clk 1:10:54]} Kg7 {[%clk 0:18:44]}
38. d7 {[%clk 1:09:25]} Nxd7 {[%clk 0:18:46]} 39. Qxd7 {[%clk 1:09:49]} Qxe4
{[%clk 0:19:06]} 40. Qa4 {[%clk 1:10:06]} Qb7 {[%clk 0:18:29]} 41. b4 {[%clk
1:08:38]} Qd5 {[%clk 0:11:11]} 42. b5 {[%clk 1:08:54]} Qc5 {[%clk 0:08:18]} 43.
Qa6 {[%clk 1:08:48]} e4 {[%clk 0:05:34]} 44. b6 {[%clk 1:08:56]} e3 {[%clk
0:05:41]} 45. fxe3 {[%clk 1:09:06]} Qxe3+ {[%clk 0:05:31]} 46. Kh1 {[%clk
1:09:35]} Qe5 {[%clk 0:01:51]} 47. Rg1 {[%clk 1:09:56]} Qc5 {[%clk 0:00:42]}
48. b7 {[%clk 1:10:16]} Qf8 {[%clk 0:00:50]} 49. Qa8 {[%clk 1:10:39]} Qe7
{[%clk 0:00:45]} 50. b8=Q {[%clk 1:11:00]} Kh6 {[%clk 0:00:31]} 51. Qf8+ {[%clk
1:11:16]} Qxf8 {[%clk 0:00:38]} 52. Qxf8+ {[%clk 1:11:40]} Kg5 {[%clk 0:00:56]}
53. Qxf7 {[%clk 1:11:59]} Kh6 {[%clk 0:30:07]} 54. Rf1 {[%clk 1:41:48]} Kh5
{[%clk 0:27:18]} 55. Qxh7+ {[%clk 1:42:03]} Kg5 {[%clk 0:27:09]} 56. h4+ {[%clk
1:42:25]} Kg4 {[%clk 0:27:23]} 57. Qxg6+ {[%clk 1:42:48]} Kxh4 {[%clk 0:27:31]}
58. Rf4# 1-0

[Event "Deutsche Ländermeisterschaft 2021"]
[Site "Neumünster GER"]
[Date "2021.10.02"]
[Round "1"]
[White "Weber, Samuel"]
[Black "Holinka, Henning"]
[Result "1/2-1/2"]
[Termination "normal"]
[Board "4.1"]
[WhiteTitle "FM"]
[WhiteElo "2258"]
[BlackElo "2244"]
[WhiteClock "00:11:26"]
[BlackClock "00:04:57"]
[WhiteTeam "Hessen"]
[BlackTeam "Hamburg"]
[PlyCount "149"]
[WhiteFideId "12924008"]
[BlackFideId "12967084"]
[EventCountry "GER"]
[EventRounds "7"]
[EventType "team-swiss"]
[EventDate "2021.10.01"]

1. d4 {[%clk 1:30:52]} g6 {[%clk 1:30:53]} 2. c4 {[%clk 1:31:17]} Bg7 {[%clk
1:31:18]} 3. Nc3 {[%clk 1:31:41]} d6 {[%clk 1:31:34]} 4. e4 {[%clk 1:32:05]} e5
{[%clk 1:29:21]} 5. d5 {[%clk 1:31:45]} f5 {[%clk 1:29:33]} 6. exf5 {[%clk
1:32:06]} gxf5 {[%clk 1:28:35]} 7. Qh5+ {[%clk 1:32:30]} Kf8 {[%clk 1:28:50]}
8. Bd3 {[%clk 1:31:41]} Nf6 {[%clk 1:21:49]} 9. Qg5 {[%clk 1:30:03]} e4 {[%clk
1:11:07]} 10. Be2 {[%clk 1:25:13]} Na6 {[%clk 1:06:57]} 11. Be3 {[%clk
1:21:11]} Nb4 {[%clk 1:00:27]} 12. O-O-O {[%clk 1:16:36]} Bd7 {[%clk 0:54:55]}
13. h4 {[%clk 1:08:20]} a5 {[%clk 0:48:15]} 14. Nh3 {[%clk 1:00:49]} a4 {[%clk
0:42:45]} 15. a3 {[%clk 0:57:44]} Na6 {[%clk 0:40:24]} 16. Nf4 {[%clk 0:54:53]}
Qe7 {[%clk 0:31:15]} 17. Nb5 {[%clk 0:47:51]} Ng4 {[%clk 0:18:26]} 18. Bxg4
{[%clk 0:23:52]} fxg4 {[%clk 0:15:33]} 19. Nh5 {[%clk 0:17:50]} Qxg5 {[%clk
0:10:04]} 20. hxg5 {[%clk 0:17:52]} Be5 {[%clk 0:08:07]} 21. Ng3 {[%clk
0:13:45]} Bxg3 {[%clk 0:04:09]} 22. fxg3 {[%clk 0:14:11]} Bxb5 {[%clk 0:04:14]}
23. cxb5 {[%clk 0:14:23]} Nc5 {[%clk 0:04:33]} 24. Kc2 {[%clk 0:13:33]} Nb3
{[%clk 0:03:57]} 25. Rh4 {[%clk 0:08:31]} Kg7 {[%clk 0:02:40]} 26. Rxg4 {[%clk
0:08:33]} Rhe8 {[%clk 0:02:43]} 27. Rh1 {[%clk 0:05:50]} Re5 {[%clk 0:02:58]}
28. Rh6 {[%clk 0:05:46]} Rae8 {[%clk 0:01:03]} 29. g6 {[%clk 0:05:24]} Rxd5
{[%clk 0:00:40]} 30. gxh7+ {[%clk 0:03:51]} Kh8 {[%clk 0:00:59]} 31. Rhg6
{[%clk 0:01:01]} Re7 {[%clk 0:00:52]} 32. Bg5 {[%clk 0:00:45]} Rf7 {[%clk
0:00:35]} 33. Bf6+ {[%clk 0:00:32]} Kxh7 {[%clk 0:00:38]} 34. Rg7+ {[%clk
0:00:50]} Rxg7 {[%clk 0:01:02]} 35. Rxg7+ {[%clk 0:01:15]} Kh6 {[%clk 0:01:27]}
36. Rxc7 {[%clk 0:00:37]} Rxb5 {[%clk 0:00:42]} 37. Re7 {[%clk 0:00:35]} d5
{[%clk 0:00:40]} 38. Be5 {[%clk 0:00:32]} Rc5+ {[%clk 0:00:39]} 39. Kd1 {[%clk
0:00:56]} b5 {[%clk 0:00:37]} 40. Rd7 {[%clk 0:00:32]} Kg5 {[%clk 0:00:31]} 41.
Bf4+ {[%clk 0:29:54]} Kf5 {[%clk 0:25:27]} 42. Be3 {[%clk 0:29:11]} Ke6 {[%clk
0:24:31]} 43. Rd8 {[%clk 0:29:35]} Rc4 {[%clk 0:23:01]} 44. g4 {[%clk 0:29:36]}
d4 {[%clk 0:19:04]} 45. Re8+ {[%clk 0:24:53]} Kd5 {[%clk 0:12:24]} 46. Bf4
{[%clk 0:25:07]} e3 {[%clk 0:08:26]} 47. Re5+ {[%clk 0:24:39]} Kc6 {[%clk
0:08:44]} 48. g5 {[%clk 0:24:13]} Rc1+ {[%clk 0:07:30]} 49. Ke2 {[%clk
0:24:39]} Rc2+ {[%clk 0:07:48]} 50. Kf3 {[%clk 0:24:49]} Rf2+ {[%clk 0:04:45]}
51. Kg3 {[%clk 0:25:04]} Nc5 {[%clk 0:01:14]} 52. g6 {[%clk 0:18:22]} Nd3
{[%clk 0:00:50]} 53. Bxe3 {[%clk 0:17:59]} dxe3 {[%clk 0:00:53]} 54. Rxe3
{[%clk 0:17:34]} Rf6 {[%clk 0:00:40]} 55. Rxd3 {[%clk 0:17:56]} Rxg6+ {[%clk
0:01:05]} 56. Kf2 {[%clk 0:16:20]} Kc5 {[%clk 0:01:13]} 57. g3 {[%clk 0:15:50]}
Kc4 {[%clk 0:00:58]} 58. Rd2 {[%clk 0:14:34]} Kb3 {[%clk 0:00:44]} 59. Kf3
{[%clk 0:14:50]} b4 {[%clk 0:00:55]} 60. axb4 {[%clk 0:14:57]} Kxb4 {[%clk
0:01:17]} 61. g4 {[%clk 0:15:16]} Kb3 {[%clk 0:01:00]} 62. Rg2 {[%clk 0:09:47]}
Rc6 {[%clk 0:01:08]} 63. g5 {[%clk 0:08:10]} Rc2 {[%clk 0:01:11]} 64. Rxc2
{[%clk 0:07:47]} Kxc2 {[%clk 0:01:37]} 65. g6 {[%clk 0:08:10]} Kxb2 {[%clk
0:02:00]} 66. g7 {[%clk 0:08:37]} a3 {[%clk 0:02:23]} 67. g8=Q {[%clk 0:09:03]}
a2 {[%clk 0:02:47]} 68. Qb8+ {[%clk 0:09:26]} Ka1 {[%clk 0:02:48]} 69. Qe5+
{[%clk 0:09:27]} Kb1 {[%clk 0:03:12]} 70. Qe1+ {[%clk 0:09:52]} Kb2 {[%clk
0:03:34]} 71. Qd2+ {[%clk 0:10:09]} Kb1 {[%clk 0:03:51]} 72. Qb4+ {[%clk
0:10:33]} Ka1 {[%clk 0:04:11]} 73. Qc3+ {[%clk 0:10:59]} Kb1 {[%clk 0:04:35]}
74. Qb3+ {[%clk 0:11:26]} Ka1 {[%clk 0:04:57]} 75. Ke4 1/2-1/2

[Event "Deutsche Ländermeisterschaft 2021"]
[Site "Neumünster GER"]
[Date "2021.10.02"]
[Round "1"]
[White "Weihrauch, Jakob"]
[Black "Lesny, Florian"]
[Result "0-1"]
[Termination "normal"]
[Board "4.2"]
[WhiteElo "2114"]
[BlackElo "2171"]
[WhiteClock "00:00:46"]
[BlackClock "00:01:53"]
[WhiteTeam "Hamburg"]
[BlackTeam "Hessen"]
[PlyCount "70"]
[WhiteFideId "16210115"]
[BlackFideId "12973874"]
[EventCountry "GER"]
[EventRounds "7"]
[EventType "team-swiss"]
[EventDate "2021.10.01"]

1. e4 {[%clk 1:30:56]} c5 {[%clk 1:30:41]} 2. Nf3 {[%clk 1:31:17]} d6 {[%clk
1:31:02]} 3. d4 {[%clk 1:31:43]} cxd4 {[%clk 1:31:21]} 4. Nxd4 {[%clk 1:32:07]}
Nf6 {[%clk 1:31:39]} 5. Nc3 {[%clk 1:32:32]} a6 {[%clk 1:31:56]} 6. a3 {[%clk
1:32:06]} e5 {[%clk 1:31:11]} 7. Nf5 {[%clk 1:32:27]} d5 {[%clk 1:30:51]} 8.
Bg5 {[%clk 1:32:42]} d4 {[%clk 1:30:49]} 9. Bxf6 {[%clk 1:33:03]} gxf6 {[%clk
1:30:36]} 10. Nb1 {[%clk 1:33:26]} Bxf5 {[%clk 1:30:04]} 11. exf5 {[%clk
1:33:51]} Qd5 {[%clk 1:28:49]} 12. Qh5 {[%clk 1:34:10]} Nd7 {[%clk 1:21:14]}
13. Nd2 {[%clk 1:34:31]} Rc8 {[%clk 1:18:12]} 14. Bd3 {[%clk 1:34:48]} Qxg2
{[%clk 0:58:42]} 15. O-O-O {[%clk 1:25:06]} Qg5 {[%clk 0:54:06]} 16. Qf3 {[%clk
1:17:43]} Nc5 {[%clk 0:52:48]} 17. Kb1 {[%clk 1:14:07]} Bh6 {[%clk 0:42:17]}
18. b4 {[%clk 0:39:32]} Nxd3 {[%clk 0:26:47]} 19. Ne4 {[%clk 0:26:02]} Qf4
{[%clk 0:21:08]} 20. Nd6+ {[%clk 0:15:43]} Kd7 {[%clk 0:20:56]} 21. Qd5 {[%clk
0:15:52]} Rc6 {[%clk 0:14:36]} 22. Nxf7+ {[%clk 0:12:57]} Kc7 {[%clk 0:13:51]}
23. Rxd3 {[%clk 0:11:04]} Rf8 {[%clk 0:11:18]} 24. Nxh6 {[%clk 0:05:44]} Qxh6
{[%clk 0:11:46]} 25. Rg1 {[%clk 0:05:12]} Kb8 {[%clk 0:09:51]} 26. Rg8 {[%clk
0:04:23]} Rxg8 {[%clk 0:09:09]} 27. Qxg8+ {[%clk 0:04:51]} Ka7 {[%clk 0:08:26]}
28. Qg3 {[%clk 0:04:48]} Qh5 {[%clk 0:07:01]} 29. Qf3 {[%clk 0:01:56]} Qxh2
{[%clk 0:06:30]} 30. c3 {[%clk 0:02:04]} dxc3 {[%clk 0:06:14]} 31. Qe3+ {[%clk
0:01:32]} Kb8 {[%clk 0:05:45]} 32. Kc2 {[%clk 0:01:27]} Qg1 {[%clk 0:02:54]}
33. Rd1 {[%clk 0:00:43]} Qg8 {[%clk 0:02:42]} 34. Ra1 {[%clk 0:00:41]} Qc4
{[%clk 0:02:05]} 35. f3 {[%clk 0:00:46]} Rd6 {[%clk 0:01:53]} 0-1

[Event "Deutsche Ländermeisterschaft 2021"]
[Site "Neumünster GER"]
[Date "2021.10.02"]
[Round "1"]
[White "Laux, Dominik"]
[Black "Popist, Florian"]
[Result "1/2-1/2"]
[Termination "normal"]
[Board "4.3"]
[WhiteElo "2162"]
[BlackElo "2124"]
[WhiteClock "00:00:42"]
[BlackClock "00:08:55"]
[WhiteTeam "Hessen"]
[BlackTeam "Hamburg"]
[PlyCount "77"]
[WhiteFideId "12994219"]
[BlackFideId "16203518"]
[EventCountry "GER"]
[EventRounds "7"]
[EventType "team-swiss"]
[EventDate "2021.10.01"]

1. d4 {[%clk 1:30:33]} Nf6 {[%clk 1:30:49]} 2. Nf3 {[%clk 1:29:32]} d5 {[%clk
1:31:02]} 3. c4 {[%clk 1:26:38]} e6 {[%clk 1:31:23]} 4. Nc3 {[%clk 1:26:24]}
Be7 {[%clk 1:31:37]} 5. Bg5 {[%clk 1:23:29]} h6 {[%clk 1:30:27]} 6. Bh4 {[%clk
1:22:48]} O-O {[%clk 1:30:47]} 7. e3 {[%clk 1:22:06]} b6 {[%clk 1:27:58]} 8.
cxd5 {[%clk 1:20:31]} Nxd5 {[%clk 1:23:29]} 9. Bxe7 {[%clk 1:20:20]} Qxe7
{[%clk 1:22:46]} 10. Nxd5 {[%clk 1:10:27]} exd5 {[%clk 1:23:08]} 11. Rc1 {[%clk
1:10:02]} Be6 {[%clk 1:22:01]} 12. Be2 {[%clk 1:02:52]} c5 {[%clk 1:21:00]} 13.
dxc5 {[%clk 0:58:35]} bxc5 {[%clk 1:21:17]} 14. O-O {[%clk 0:58:13]} Nd7 {[%clk
1:19:51]} 15. Qa4 {[%clk 0:50:23]} Rfb8 {[%clk 0:55:39]} 16. Bb5 {[%clk
0:42:29]} Rb6 {[%clk 0:50:39]} 17. Bxd7 {[%clk 0:33:51]} Bxd7 {[%clk 0:50:59]}
18. Qa3 {[%clk 0:33:18]} Bh3 {[%clk 0:42:46]} 19. Ne1 {[%clk 0:17:16]} Rg6
{[%clk 0:37:58]} 20. f3 {[%clk 0:16:39]} Re8 {[%clk 0:33:19]} 21. Qxc5 {[%clk
0:14:47]} Qxc5 {[%clk 0:24:43]} 22. Rxc5 {[%clk 0:15:11]} Rxe3 {[%clk 0:25:04]}
23. Kf2 {[%clk 0:14:35]} Rge6 {[%clk 0:23:28]} 24. gxh3 {[%clk 0:12:05]} Re2+
{[%clk 0:23:50]} 25. Kg3 {[%clk 0:10:52]} Rxe1 {[%clk 0:24:11]} 26. Rxe1 {[%clk
0:11:20]} Rxe1 {[%clk 0:24:28]} 27. Rxd5 {[%clk 0:11:43]} Re2 {[%clk 0:22:34]}
28. Rb5 {[%clk 0:10:32]} g6 {[%clk 0:21:51]} 29. a4 {[%clk 0:08:53]} Kg7 {[%clk
0:18:45]} 30. Rb7 {[%clk 0:05:31]} a5 {[%clk 0:17:32]} 31. Rb6 {[%clk 0:05:07]}
g5 {[%clk 0:13:37]} 32. b3 {[%clk 0:03:28]} h5 {[%clk 0:09:37]} 33. h4 {[%clk
0:03:07]} gxh4+ {[%clk 0:09:44]} 34. Kh3 {[%clk 0:02:50]} Rf2 {[%clk 0:09:12]}
35. Kxh4 {[%clk 0:01:48]} Rxh2+ {[%clk 0:08:32]} 36. Kg3 {[%clk 0:01:43]} Rb2
{[%clk 0:08:05]} 37. Kh4 {[%clk 0:01:48]} Rh2+ {[%clk 0:08:27]} 38. Kg3 {[%clk
0:00:39]} Rb2 {[%clk 0:08:55]} 39. Kh4 {[%clk 0:00:42]} 1/2-1/2

[Event "Deutsche Ländermeisterschaft 2021"]
[Site "Neumünster GER"]
[Date "2021.10.02"]
[Round "1"]
[White "Hubert, Charlotte"]
[Black "Bakiev, Diyor"]
[Result "0-1"]
[Termination "normal"]
[Board "4.4"]
[WhiteElo "1696"]
[BlackElo "2096"]
[WhiteClock "00:00:47"]
[BlackClock "00:03:11"]
[WhiteTeam "Hamburg"]
[BlackTeam "Hessen"]
[PlyCount "138"]
[WhiteFideId "16265920"]
[BlackFideId "16241584"]
[EventCountry "GER"]
[EventRounds "7"]
[EventType "team-swiss"]
[EventDate "2021.10.01"]

1. e4 {[%clk 1:30:57]} c6 {[%clk 1:30:53]} 2. d4 {[%clk 1:31:19]} d5 {[%clk
1:31:19]} 3. Nc3 {[%clk 1:31:36]} dxe4 {[%clk 1:31:43]} 4. Nxe4 {[%clk
1:31:52]} Bf5 {[%clk 1:32:06]} 5. Ng3 {[%clk 1:32:11]} Bg6 {[%clk 1:32:20]} 6.
Nh3 {[%clk 1:32:32]} e6 {[%clk 1:30:58]} 7. Nf4 {[%clk 1:32:50]} Bd6 {[%clk
1:30:21]} 8. c3 {[%clk 1:32:43]} Qc7 {[%clk 1:30:20]} 9. Qf3 {[%clk 1:32:55]}
Nf6 {[%clk 1:29:25]} 10. h4 {[%clk 1:32:47]} Nbd7 {[%clk 1:27:04]} 11. h5
{[%clk 1:32:37]} Bc2 {[%clk 1:27:15]} 12. h6 {[%clk 1:31:53]} g6 {[%clk
1:27:12]} 13. Bd3 {[%clk 1:31:45]} Bxd3 {[%clk 1:27:28]} 14. Nxd3 {[%clk
1:32:06]} Qa5 {[%clk 1:08:35]} 15. Bf4 {[%clk 1:28:53]} Bxf4 {[%clk 0:53:09]}
16. Qxf4 {[%clk 1:29:36]} Qb5 {[%clk 0:48:25]} 17. Ne4 {[%clk 1:02:54]} Nxe4
{[%clk 0:34:05]} 18. Qxe4 {[%clk 1:02:56]} Qg5 {[%clk 0:33:14]} 19. Rh3 {[%clk
0:39:20]} O-O-O {[%clk 0:20:58]} 20. f4 {[%clk 0:28:03]} Qg4 {[%clk 0:15:33]}
21. Nf2 {[%clk 0:22:13]} Qf5 {[%clk 0:15:02]} 22. g4 {[%clk 0:18:55]} Qb5
{[%clk 0:11:00]} 23. O-O-O {[%clk 0:14:03]} Qc4 {[%clk 0:04:30]} 24. b3 {[%clk
0:10:35]} Qa6 {[%clk 0:04:44]} 25. Kb2 {[%clk 0:09:25]} f5 {[%clk 0:04:19]} 26.
Qd3 {[%clk 0:08:15]} Qa5 {[%clk 0:03:34]} 27. Re3 {[%clk 0:03:42]} Rhe8 {[%clk
0:02:32]} 28. Qe2 {[%clk 0:03:04]} Qd5 {[%clk 0:02:00]} 29. c4 {[%clk 0:02:30]}
Qd6 {[%clk 0:01:53]} 30. Qf3 {[%clk 0:01:21]} Nf6 {[%clk 0:01:28]} 31. g5
{[%clk 0:01:30]} Nd7 {[%clk 0:01:23]} 32. Red3 {[%clk 0:00:57]} Qc7 {[%clk
0:00:52]} 33. R3d2 {[%clk 0:00:59]} c5 {[%clk 0:00:49]} 34. Qg3 {[%clk
0:00:41]} cxd4 {[%clk 0:00:50]} 35. Rxd4 {[%clk 0:01:02]} Nc5 {[%clk 0:00:57]}
36. Qc3 {[%clk 0:00:47]} Rxd4 {[%clk 0:00:37]} 37. Qxd4 {[%clk 0:00:39]} e5
{[%clk 0:00:49]} 38. fxe5 {[%clk 0:00:41]} Qxe5 {[%clk 0:01:08]} 39. Qxe5
{[%clk 0:00:41]} Rxe5 {[%clk 0:01:37]} 40. Rd5 {[%clk 0:00:35]} Re2+ {[%clk
0:00:51]} 41. Kc3 {[%clk 0:21:19]} Ne6 {[%clk 0:25:47]} 42. Nh3 {[%clk
0:15:40]} Rxa2 {[%clk 0:18:46]} 43. Re5 {[%clk 0:13:08]} Kd7 {[%clk 0:18:46]}
44. Rd5+ {[%clk 0:13:15]} Ke7 {[%clk 0:17:06]} 45. Re5 {[%clk 0:13:35]} Kf7
{[%clk 0:15:26]} 46. Rd5 {[%clk 0:12:39]} Rg2 {[%clk 0:11:56]} 47. Kb4 {[%clk
0:10:23]} Rg3 {[%clk 0:09:59]} 48. Nf2 {[%clk 0:07:07]} Ke7 {[%clk 0:09:36]}
49. Nd3 {[%clk 0:04:07]} Rxg5 {[%clk 0:09:07]} 50. Nc5 {[%clk 0:03:15]} Nxc5
{[%clk 0:05:42]} 51. Rxc5 {[%clk 0:03:35]} Kd6 {[%clk 0:04:30]} 52. Rd5+ {[%clk
0:03:45]} Ke6 {[%clk 0:04:31]} 53. Rc5 {[%clk 0:03:47]} Rh5 {[%clk 0:03:33]}
54. Rc7 {[%clk 0:04:08]} Rxh6 {[%clk 0:02:53]} 55. Rxb7 {[%clk 0:04:30]} f4
{[%clk 0:03:13]} 56. c5 {[%clk 0:03:23]} f3 {[%clk 0:03:11]} 57. Rxa7 {[%clk
0:03:02]} f2 {[%clk 0:03:17]} 58. Ra1 {[%clk 0:03:23]} Rh4+ {[%clk 0:03:07]}
59. Kb5 {[%clk 0:03:36]} Rf4 {[%clk 0:03:21]} 60. Rf1 {[%clk 0:03:38]} g5
{[%clk 0:02:53]} 61. Kb6 {[%clk 0:01:51]} g4 {[%clk 0:03:12]} 62. c6 {[%clk
0:02:14]} g3 {[%clk 0:02:45]} 63. c7 {[%clk 0:02:28]} Rf8 {[%clk 0:02:34]} 64.
Kb7 {[%clk 0:02:49]} Rf7 {[%clk 0:02:40]} 65. Kb8 {[%clk 0:01:03]} Rxc7 {[%clk
0:03:01]} 66. Kxc7 {[%clk 0:01:26]} g2 {[%clk 0:03:23]} 67. Rxf2 {[%clk
0:01:41]} g1=Q {[%clk 0:03:44]} 68. Re2+ {[%clk 0:01:12]} Kd5 {[%clk 0:03:51]}
69. Re7 {[%clk 0:00:47]} Qa7+ {[%clk 0:03:11]} 0-1